000 00848nam a2200217 i 4500
001 70276
003 ES-MaACL
005 20250902103426.0
007 t|
008 040721s1908 sp ||||1| spa d
100 1 _aGarcía Rey, Verardo.
_955172
245 1 0 _aSobre el origen del río Esla :
_bconferencia dada en la Real Sociedad Geográfica el día 26 de noviembre de 1907 /
_cpor el teniente V. García Rey.
260 _aLeón :
_b[s.n.],
_c1908 (
_fImp. de Maximino A. Miñón)
300 _a40 p. ;
_c22 cm.
530 _aDisponible en formato digital.
651 4 _aEsla (España, Río)
_9171855
710 2 _aReal Sociedad Geográfica
_96403
852 _aES-MaACL
_jT-1157-F-6
856 _uhttp://bibliotecadigital.jcyl.es/es/consulta/registro.do?id=4972
_zBiblioteca Digital de Castilla y León
999 _c70276
_d70276